Miasta Holandii/Niderlandów A-Z - Statystyki

Ogólne statystyki
  • Ten quiz został rozwiązany 122 razy
  • Średni wynik to 6 z 24
Statystyki odpowiedzi
Litera Alfabetu Prowincja Miasto % Poprawnych
A Holandia Północna Amsterdam
98%
R Holandia Południowa Rotterdam
89%
H Holandia Południowa Haga
85%
U Utrecht Utrecht
81%
E Brabancja Północna Eindhoven
68%
G Groningen Groningen
67%
B Brabancja Północna Breda
46%
T Brabancja Północna Tilburg
32%
N Geldria Nijmegen
26%
L Fryzja Leeuwarden
10%
D Holandia Południowa Delft
7%
S Limburgia Sittard
6%
O Brabancja Północna Oss
5%
I Holandia Północna Ijmuiden
2%
M Limburgia Maasricht
2%
V Zelandia Vlissingen
2%
Z Holandia Północna Zaanstad
2%
K Holandia Południowa Katwijk
1%
W Limburgia Weert
1%
C Holandia Północna Castricum
0%
F Fryzja Franeker
0%
J Holandia Północna Jisp
0%
P Geldria Putten
0%
Y Drenthe Yde
0%
Nie znaleziono quizów pasujących do podanych kryteriów
Rozkład punktacji
Procent ludzi z każdym wynikiem
Percentyl według liczby udzielonych odpowiedzi
Twoja historia wyników
Nie rozwiązałeś tego quizu